Danse avec les Stars - Casting de la saison 15 - Statistiques

Statistiques générales
  • Ce quiz a été pris 272 fois
    242 depuis la dernière actualisation
  • Le résultat moyen est 20 sur 28
Statistiques - réponses
Hint Réponse % Correct
Couple 6 Emma
88%
Couple 9 Maghla
87%
Couple 2 Elsa Bois
86%
Juge Jean-Marc Généreux
84%
Juge Chris Marques
83%
Couple 2 Julien Lieb
83%
Couple 12 Marcus
82%
Couple 3 Stéphane Bern
79%
Couple 11 Christophe Licata
76%
Juge Fauve Hautot
76%
Couple 7 Juju Fitcats
76%
Couple 7 Jordan Mouillerac
74%
Couple 1 Laure Manaudou
74%
Couple 11 Lucie Bernardoni
74%
Juge Mel Charlot
74%
Couple 10 Samuel Bambi
70%
Couple 8 Philippe Lellouche
69%
Couple 9 Adrien Caby
67%
Couple 10 Ana Riera
64%
Couple 12 Marie Denigot
64%
Couple 5 Denitsa Ikonomova
62%
Couple 8 Katrina Patchett
57%
Couple 1 Christian Millette
56%
Couple 4 Angélique Angarni-Filopon
55%
Couple 3 Calisson Goasdoué
50%
Couple 5 Ian Ziering
50%
Couple 6 Dorian Rollin
48%
Couple 4 Yann-Alrick Mortreuil
43%
Aucun quiz correspondant
Distribution des résultats
% des personnes avec chaque résultat
Percentile par nombre de réponses
Votre historique - résultats
Vous n’avez pas pris ce quiz depuis la dernière actualisation